Dobai Székely Sámuel és Kaprinai István levelezése

Bibliographic Details
Other Authors: Sékeli, Samuel, 1704-1779 (Correspondent), Horváth, Mária M. (Compiler), Kaprinai, Štefan, 1714-1785 (Correspondent)
Format: Book
Language:Hungarian
Latin
PhysicalDescription:117 s. 24 cm
Published: Piliscsaba Pázmány Péter Katolikus Egyetem, Bölcsészettudományi Kar 2008
ISBN:9789639206670 (brož.)
ISSN:1588-2306
Series:Pázmány irodalmi műhely Források
Subjects:

MARC

LEADER 00000nam a2200000 a 4500
001 vtls010315919
003 SK-MaSNL
005 20260331205713.0
008 251029s2008 hu n 001 0dhun
015 |a SNBZSA2012-00807 
020 |a 9789639206670 (brož.) 
035 |a D95728C1-2300-4548-AD8F-8C85C6905BC9 
035 |a urn:nbn:sk:snk-amkyz6 
035 |a urn:nbn:sk:snk-am008pjq 
040 |a SNK  |b slo  |c SNK  |e AACR2 
041 0 |a hun  |a lat 
043 |a e-xo---  |a e-hu--- 
044 |a hu  |c HU 
072 7 |a 00  |x Veda. Všeobecnosti. Základy vedy a kultúry. Vedecká práca  |2 konspekt 
080 |a 001(439.2)(092)  |2 2001 
080 |a 929 Sékeli, Samuel  |2 2001 
080 |a 929 Kaprinai, Štefan  |2 2001 
080 |a 001.83  |2 2001 
080 |a 94(4-191.2)  |2 2001 
080 |a 272  |2 2001 
100 1 |a Sékeli, Samuel,  |d 1704-1779  |4 crp  |4 rcp  |9 153722 
245 0 0 |a Dobai Székely Sámuel és Kaprinai István levelezése  |c sajtó alá rendezte M. Horváth Mária 
260 |a Piliscsaba  |b Pázmány Péter Katolikus Egyetem, Bölcsészettudományi Kar  |c 2008 
300 |a 117 s.  |c 24 cm 
490 1 |a Pázmány irodalmi műhely. Források  |x 1588-2306  |v 6 
504 |a Bibliogr. Reg. 
546 |a Text čiastočne maď., čiastočne lat. 
600 1 7 |a Sékeli, Samuel,  |d 1704-1779  |2 SNKMA  |9 153722 
600 1 7 |a Kaprinai, Štefan,  |d 1714-1785  |2 SNKMA  |9 133708 
648 7 |a 1756-1773  |2 SNK  |9 328762 
648 7 |a 18. storočie  |2 SNK  |9 287325 
650 0 7 |a učenci  |2 SNKPH  |9 49861 
651 7 |a Uhorsko  |2 SNKPHgeo  |9 28673 
655 7 |a korešpondencia  |2 SNKPH  |9 60843 
700 1 |a Horváth, Mária M.  |4 com  |9 328763 
700 1 |a Kaprinai, Štefan,  |d 1714-1785  |4 crp  |4 rcp  |9 133708 
830 0 |a Pázmány irodalmi műhely  |p Források  |9 328764 
919 |a 978-963-9206-67-0 
958 |a ZS 
958 |a BX 
958 |a HU 
958 |a OND 
999 |c 577808  |d 579738 
952 |a SNK  |b SNK  |y PREZ  |7 0  |p 17A0754630  |o snkSC 147065  |i snk2011/21945  |8 2  |g 4.13  |0 0  |1 0  |4 0  |d 2011-10-03  |f 1  |l 0  |r 2025-07-16 00:00:00  |w 2026-02-23